00519 2200205 4500001002100000005001500021035002000036007000300056008004100059020001800100082000800118084001400126100001900140245006100159250001100220260003200231300003100263990000900294990001000303INLIS00000000001286320220706115220 a0010-0722000347ta220706 g 0 ind  a9789793567839 a646 a646 ANN p0 aANNE, Rufaidah1 aPadu Padan Busana Muslimah untuk Remaja /cAnne Rufaidah aCet. 1 aDepok :bPuspa Swara,c2004 aiv, 48 hlm ;c21.3 x 28 cm a2547 a2547a